La garantía multinivel de los derechos fundamentales en el Consejo de Europa: el Convenio Europeo de Derechos Humanos y la Carta Social Europea

保存先:
書誌詳細
第一著者: Monereo Atienza, Cristina (著者)
その他の著者: Monereo Pérez, José Luis (autor)
フォーマット: 図書
言語:スペイン語
出版事項: Granada Comares 2017
シリーズ:Colección Comentarios a la Legislación Social, 26
主題:
タグ: タグ追加
タグなし, このレコードへの初めてのタグを付けませんか!

MARC

LEADER 00000cam a2200000 a 4500
001 UCC9337
003 CL-VaPUC
008 190927e20170000sp |||||||||||||||||spa|d
020 |a 9788490454527 
082 0 4 |a 341.481  |b MON  |2 21 
100 0 |a Monereo Atienza, Cristina  |e author  |9 604367 
700 |a Monereo Pérez, José Luis  |e autor  |9 604368 
245 1 3 |a La garantía multinivel de los derechos fundamentales en el Consejo de Europa: el Convenio Europeo de Derechos Humanos y la Carta Social Europea 
300 |a 1005 p 
942 |c BK 
945 |d 20190927 15:31:00  |a cmena 
260 |a Granada  |b Comares  |c 2017 
650 0 |a Derechos humanos  |9 223025 
650 7 |a PAISES DE LA UNION EUROPEA  |2 CL-VaPUC  |9 553442 
650 0 |a Tratados internacionales   |9 256056 
650 7 |a GARANTIAS CONSTITUCIONALES  |2 CL-VaPUC  |9 604369 
583 |a last modification  |c 20190927 15:31:00  |k Rodrigo Vera 
490 0 |a Colección Comentarios a la Legislación Social, 26 
999 |c 375523  |d 375521 
952 |0 0  |1 0  |3 erd  |4 0  |6 341_481000000000000_MON_2017  |7 0  |8 WP_COW  |9 561390  |a BIBDER  |b BIBDER  |e Fundación W and P Cowley  |i 559913K  |l 2  |o 341.481 MON 2017  |p 559913K  |r 2023-01-25  |s 2022-08-02  |w 2020-03-12  |y BK  |z Catalogado en:20190927  |k WPC